<?xml version="1.0" encoding="UTF-8"?>
<record
    xmlns:xsi="http://www.w3.org/2001/XMLSchema-instance"
    xsi:schemaLocation="http://www.loc.gov/MARC21/slim http://www.loc.gov/standards/marcxml/schema/MARC21slim.xsd"
    xmlns="http://www.loc.gov/MARC21/slim">

  <leader>01623nam0a2200349 i 4500</leader>
  <controlfield tag="001">RU\NLR\BIBL_A\010776186</controlfield>
  <controlfield tag="005">20240921104306.0</controlfield>
  <datafield tag="010" ind1=" " ind2=" ">
    <subfield code="a">9785971020929</subfield>
  </datafield>
  <datafield tag="021" ind1=" " ind2=" ">
    <subfield code="a">RU</subfield>
    <subfield code="b">2015-32194</subfield>
    <subfield code="9">1909</subfield>
  </datafield>
  <datafield tag="035" ind1=" " ind2=" ">
    <subfield code="a">(NILC)RuMoRGB-007921000</subfield>
  </datafield>
  <datafield tag="035" ind1=" " ind2=" ">
    <subfield code="a">(NLR Aleph) 010776186</subfield>
  </datafield>
  <datafield tag="090" ind1=" " ind2=" ">
    <subfield code="a">10044538</subfield>
    <subfield code="c">10044538</subfield>
  </datafield>
  <datafield tag="100" ind1=" " ind2=" ">
    <subfield code="a">20150605d2015    km y0rusy50      ca</subfield>
  </datafield>
  <datafield tag="101" ind1="0" ind2=" ">
    <subfield code="a">rus</subfield>
  </datafield>
  <datafield tag="102" ind1=" " ind2=" ">
    <subfield code="a">RU</subfield>
  </datafield>
  <datafield tag="105" ind1=" " ind2=" ">
    <subfield code="a">ac||z|||000yc</subfield>
  </datafield>
  <datafield tag="200" ind1="1" ind2=" ">
    <subfield code="a">&#x412;&#x435;&#x43B;&#x438;&#x43A;&#x438;&#x435; &#x43F;&#x43E;&#x43B;&#x43A;&#x43E;&#x432;&#x43E;&#x434;&#x446;&#x44B; &#x43C;&#x438;&#x440;&#x430;</subfield>
    <subfield code="e">&#x432; &#x431;&#x438;&#x43E;&#x433;&#x440;&#x430;&#x444;&#x438;&#x44F;&#x445; &#x438; &#x430;&#x43D;&#x435;&#x43A;&#x434;&#x43E;&#x442;&#x430;&#x445; &#x441; &#x43F;&#x43E;&#x440;&#x442;&#x440;&#x435;&#x442;&#x430;&#x43C;&#x438;</subfield>
    <subfield code="f">&#x41C;. &#x413;. &#x41A;&#x440;&#x438;&#x432;&#x43E;&#x448;&#x43B;&#x44B;&#x43A;</subfield>
  </datafield>
  <datafield tag="205" ind1=" " ind2=" ">
    <subfield code="a">&#x418;&#x437;&#x434;. 4-&#x435;</subfield>
  </datafield>
  <datafield tag="210" ind1=" " ind2=" ">
    <subfield code="a">&#x41C;&#x43E;&#x441;&#x43A;&#x432;&#x430;</subfield>
    <subfield code="c">&#x41B;&#x415;&#x41D;&#x410;&#x41D;&#x414;</subfield>
    <subfield code="d">2015</subfield>
  </datafield>
  <datafield tag="215" ind1=" " ind2=" ">
    <subfield code="a">163, [1] &#x441;.</subfield>
    <subfield code="c">&#x438;&#x43B;., &#x43F;&#x43E;&#x440;&#x442;&#x440;.</subfield>
    <subfield code="d">21</subfield>
  </datafield>
  <datafield tag="225" ind1="1" ind2=" ">
    <subfield code="a">&#x411;&#x438;&#x43E;&#x433;&#x440;&#x430;&#x444;&#x438;&#x438; &#x432;&#x44B;&#x434;&#x430;&#x44E;&#x449;&#x438;&#x445;&#x441;&#x44F; &#x43B;&#x438;&#x447;&#x43D;&#x43E;&#x441;&#x442;&#x435;&#x439;</subfield>
    <subfield code="i">&#x423;&#x447;&#x435;&#x43D;&#x44B;&#x435; &#x448;&#x443;&#x442;&#x44F;&#x442;</subfield>
  </datafield>
  <datafield tag="300" ind1=" " ind2=" ">
    <subfield code="a">&#x41D;&#x430; &#x43E;&#x431;&#x43B;. &#x441;&#x435;&#x440;.: &#x411;&#x438;&#x43E;&#x433;&#x440;&#x430;&#x444;&#x438;&#x438; &#x432;&#x44B;&#x434;&#x430;&#x44E;&#x449;&#x438;&#x445;&#x441;&#x44F; &#x43B;&#x438;&#x447;&#x43D;&#x43E;&#x441;&#x442;&#x435;&#x439;. &#x41F;&#x43E;&#x43B;&#x43A;&#x43E;&#x432;&#x43E;&#x434;&#x446;&#x44B; &#x448;&#x443;&#x442;&#x44F;&#x442;</subfield>
  </datafield>
  <datafield tag="327" ind1="1" ind2=" ">
    <subfield code="a">&#x421;&#x43E;&#x434;&#x435;&#x440;&#x436;.: &#x43F;&#x43E;&#x43B;&#x43A;&#x43E;&#x432;&#x43E;&#x434;&#x446;&#x44B;: &#x410;&#x43B;&#x435;&#x43A;&#x441;&#x430;&#x43D;&#x434;&#x440; &#x41C;&#x430;&#x43A;&#x435;&#x434;&#x43E;&#x43D;&#x441;&#x43A;&#x438;&#x439;, &#x413;&#x430;&#x43D;&#x43D;&#x438;&#x431;&#x430;&#x43B;, &#x41F;&#x43E;&#x43C;&#x43F;&#x435;&#x439;, &#x42E;&#x43B;&#x438;&#x439; &#x426;&#x435;&#x437;&#x430;&#x440;&#x44C;, &#x412;&#x435;&#x43B;&#x438;&#x437;&#x430;&#x440;&#x438;&#x439;, &#x41A;&#x430;&#x440;&#x43B; &#x412;&#x435;&#x43B;&#x438;&#x43A;&#x438;&#x439;, &#x412;&#x430;&#x43B;&#x43B;&#x435;&#x43D;&#x448;&#x442;&#x435;&#x439;&#x43D;, &#x413;&#x443;&#x441;&#x442;&#x430;&#x432; II &#x410;&#x434;&#x43E;&#x43B;&#x44C;&#x444;, &#x422;&#x44E;&#x440;&#x435;&#x43D;&#x43D;, &#x415;&#x432;&#x433;&#x435;&#x43D;&#x438;&#x439; &#x421;&#x430;&#x432;&#x43E;&#x439;&#x441;&#x43A;&#x438;&#x439; [&#x438; &#x434;&#x440;.]</subfield>
  </datafield>
  <datafield tag="606" ind1="1" ind2=" ">
    <subfield code="a">&#x41F;&#x43E;&#x43B;&#x43A;&#x43E;&#x432;&#x43E;&#x434;&#x446;&#x44B;</subfield>
    <subfield code="j">&#x411;&#x438;&#x43E;&#x433;&#x440;&#x430;&#x444;&#x438;&#x438;</subfield>
    <subfield code="9">1980081</subfield>
    <subfield code="3">RU\NLR\AUTH\661194377</subfield>
  </datafield>
  <datafield tag="686" ind1="1" ind2=" ">
    <subfield code="a">&#x426;4,5(0)243.1&#x434;</subfield>
  </datafield>
  <datafield tag="686" ind1="1" ind2=" ">
    <subfield code="a">&#x422;3(0)0-8</subfield>
  </datafield>
  <datafield tag="700" ind1=" " ind2="1">
    <subfield code="a">&#x41A;&#x440;&#x438;&#x432;&#x43E;&#x448;&#x43B;&#x44B;&#x43A;</subfield>
    <subfield code="b">&#x41C;.&#x413;.</subfield>
    <subfield code="f">1864-</subfield>
    <subfield code="g">&#x41C;&#x438;&#x445;&#x430;&#x438;&#x43B; &#x413;&#x440;&#x438;&#x433;&#x43E;&#x440;&#x44C;&#x435;&#x432;&#x438;&#x447;</subfield>
  </datafield>
  <datafield tag="801" ind1=" " ind2="0">
    <subfield code="a">RU</subfield>
    <subfield code="b">&#x420;&#x413;&#x411;</subfield>
    <subfield code="c">20150428</subfield>
    <subfield code="g">RCR</subfield>
  </datafield>
  <datafield tag="942" ind1=" " ind2=" ">
    <subfield code="c">BOOK</subfield>
  </datafield>
  <datafield tag="980" ind1=" " ind2=" ">
    <subfield code="a">NBR</subfield>
  </datafield>
</record>
